Ценовая политика предприятия как механизм повышения конкурентоспособности; Прогрессивные технологии и экономика в машиностроении; Т. 1

Dettagli Bibliografici
Parent link:Прогрессивные технологии и экономика в машиностроении: сборник трудов VII Всероссийской научно-практической конференции для студентов и учащейся молодежи, г. Юрга, 7-9 апреля 2016 г./ Национальный исследовательский Томский политехнический университет (ТПУ), Юргинский технологический институт (ЮТИ) ; под ред. Д. А. Чинахова.— , 2016
Т. 1.— 2016.— [С. 463-465]
Autore principale: Горст К. Ф.
Ente Autore: Национальный исследовательский Томский политехнический университет (ТПУ) Юргинский технологический институт (филиал) (ЮТИ) Кафедра экономики и автоматизированных систем управления (ЭАСУ)
Altri autori: Суздалова М. А. Марина Анатольевна (научный руководитель)
Riassunto:Заглавие с титульного экрана
Lingua:russo
Pubblicazione: 2016
Serie:Экономика, менеджмент и маркетинг на предприятии
Soggetti:
Accesso online:http://earchive.tpu.ru/handle/11683/26141
Natura: Elettronico Capitolo di libro
KOHA link:https://koha.lib.tpu.ru/cgi-bin/koha/opac-detail.pl?biblionumber=618416

MARC

LEADER 00000naa2a2200000 4500
001 618416
005 20231102023732.0
035 |a (RuTPU)RU\TPU\conf\16798 
035 |a RU\TPU\conf\16797 
090 |a 618416 
100 |a 20160602d2016 k y0rusy50 ca 
101 0 |a rus 
102 |a RU 
105 |a y z 101zy 
135 |a drcn ---uucaa 
181 0 |a i  
182 0 |a b 
200 1 |a Ценовая политика предприятия как механизм повышения конкурентоспособности  |f К. Ф. Горст  |g науч. рук. М. А. Суздалова 
203 |a Текст  |c электронный 
225 1 |a Экономика, менеджмент и маркетинг на предприятии 
230 |a 1 компьютерный файл (pdf; 265 Кb) 
300 |a Заглавие с титульного экрана 
320 |a [Библиогр.: с. 465 (6 назв.)] 
461 1 |0 (RuTPU)RU\TPU\conf\16596  |t Прогрессивные технологии и экономика в машиностроении  |o сборник трудов VII Всероссийской научно-практической конференции для студентов и учащейся молодежи, г. Юрга, 7-9 апреля 2016 г.  |o в 2 т.  |f Национальный исследовательский Томский политехнический университет (ТПУ), Юргинский технологический институт (ЮТИ) ; под ред. Д. А. Чинахова  |d 2016 
463 1 |0 (RuTPU)RU\TPU\conf\16598  |t Т. 1  |v [С. 463-465]  |d 2016 
610 1 |a труды учёных ТПУ 
610 1 |a электронный ресурс 
610 1 |a конкурентоспособность 
610 1 |a стратегические задачи 
610 1 |a ценообразование 
610 1 |a менеджмент 
610 1 |a ценовая политика 
700 1 |a Горст  |b К. Ф. 
702 1 |a Суздалова  |b М. А.  |c социолог  |c доцент Юргинского технологического института Томского политехнического университета, кандидат педагогических наук  |f 1963-  |g Марина Анатольевна  |2 stltpush  |4 727  |9 14518 
712 0 2 |a Национальный исследовательский Томский политехнический университет (ТПУ)  |b Юргинский технологический институт (филиал) (ЮТИ)  |b Кафедра экономики и автоматизированных систем управления (ЭАСУ)  |h 360  |2 stltpush  |3 (RuTPU)RU\TPU\col\18900 
801 2 |a RU  |b 63413507  |c 20160629  |g RCR 
856 4 |u http://earchive.tpu.ru/handle/11683/26141 
942 |c BK